| 000 | 00399nam a2200145 4500 | ||
|---|---|---|---|
| 008 | 0 1980 0an 000 0Mex | ||
| 020 | _a968-451-019-5 | ||
| 050 | _aHM1226 H618 1980 | ||
| 082 | _a659.1 H843t | ||
| 100 | _aHoltje Hebert F. | ||
| 245 | _aTeoria y problemas de publicidad / Herbert F. Holtje | ||
| 260 | _aMexico: McGrawhill | ||
| 300 | _a181p, 27cm | ||
| 650 | _a1. PUBLICIDAD | ||
| 999 |
_c19696 _d19696 |
||